000 00638nam a2200193Ia 4500
001 21075
003 GE_BSU
008 181216s||||||||xx |||||||||||||| ||und||
040 _cGE_BSU
245 _aТеоретическая и математическая физика Том 191 №3 Июнь 2017
245 _cГл.ред.А.А.Славнов
260 _aМосква
260 _c2017
300 _a534стр. 24см.
653 _aПериодика
653 _aТеоретическая и математическая физика Том 191 №2 Июнь 2017
653 _aპერიოდიკა
942 _cCR
999 _c54023
_d54023